000 00410 a2200157 4500
001 74277
020 _a85-447-12-5
040 _cAnchieta - Colégio São Paulo
100 _aSilveira, Helly Nazirê da.
240 1 0 _aImplantação da qualidade total na educação
_lpor
245 1 0 _aImplantação da qualidade total na educação
300 _a188
362 0 _a1995
650 4 _aEducação
942 _cBK
999 _c74277
_d74277